Del alba al mediodía / (Record no. 136580)

MARC details
000 -LEADER
campo de control de longitud fija 00750nam a2200217 4500
001 - NÚMERO DE CONTROL
campo de control 136580
003 - IDENTIFICADOR DE NÚMERO DE CONTROL
campo de control ES-MaACL
005 - FECHA Y HORA DE LA ÚLTIMA TRANSACCIÓN
campo de control 20250909225254.0
007 - CAMPO FIJO DE DESCRIPCIÓN FÍSICA--INFORMACIÓN GENERAL
campo de control de longitud fija t|
008 - DATOS DE LONGITUD FIJA--INFORMACIÓN GENERAL
campo de control de longitud fija 070214s1954 sp r ||||1| spa d
100 1# - ENTRADA PRINCIPAL--NOMBRE DE PERSONA
Nombre de persona Russell, Dora Isella.
9 (RLIN) 101037
245 10 - MENCIÓN DEL TÍTULO
Título Del alba al mediodía /
Mención de responsabilidad, etc. Dora Isella Russell ; con un prólogo de Ventura García Calderón ; y un epílogo de Juana de Ibarbourou.
260 ## - PUBLICACIÓN, DISTRIBUCIÓN, ETC.
Lugar de publicación, distribución, etc. Madrid :
Nombre del editor, distribuidor, etc. Aguilar,
Fecha de publicación, distribución, etc. 1954.
300 ## - DESCRIPCIÓN FÍSICA
Extensión 468 p., 1 lám. = retr. aut. ;
Dimensiones 12 cm.
490 1# - MENCIÓN DE SERIE
Mención de serie Crisol ;
Designación de volumen o secuencia 387
700 1# - ENTRADA AGREGADA--NOMBRE PERSONAL
Nombre de persona García Calderón, Ventura,
Fechas asociadas al nombre 1886-1959
9 (RLIN) 54317
700 1# - ENTRADA AGREGADA--NOMBRE PERSONAL
Nombre de persona Ibarbourou, Juana de
9 (RLIN) 64946
830 0# - PUNTO DE ACCESO ADICIONAL DE SERIE-TÍTULO UNIFORME
Título uniforme Crisol ;
Designación de volumen o secuencia 387
9 (RLIN) 180848
852 ## - LOCALIZACIÓN
Ubicación ES-MaACL
Número de control de estantería C-8580
Sublocalización o colección R.36551
Holdings
Estatus retirado Estado de pérdida Estado de daño No para préstamo Biblioteca de origen Biblioteca actual Ubicación en estantería Fecha de adquisición Fuente de adquisición Total de préstamos Signatura topográfica completa Código de barras Visto por última vez Precio de reemplazo Tipo de ítem Koha
        Biblioteca del Ateneo de Madrid Biblioteca del Ateneo de Madrid Sala Palomar 17/01/2008     C-8580 1142142 23/02/2023 23/02/2023 Libro impreso